La iglesia católica en España (1875-2002)
Furkejuvvon:
| Váldodahkki: | |
|---|---|
| Materiálatiipa: | Girji |
| Giella: | espánnjágiella |
| Almmustuhtton: |
Barcelona, España
Crítica
2003
|
| Ráidu: | Serie Mayor
|
| Fáttát: | |
| Fáddágilkorat: |
Lasit fáddágilkoriid
Eai fáddágilkorat, Lasit vuosttaš fáddágilkora!
|
MARC
| LEADER | 00000nam a2200000 a 4500 | ||
|---|---|---|---|
| 001 | UCL7108 | ||
| 003 | CL-VaPUC | ||
| 005 | 20210604001429.0 | ||
| 008 | 040430e20030000SP |||||||||||||||||spa|d | ||
| 999 | |c 308968 |d 308966 | ||
| 020 | |a 8484324052 | ||
| 040 | |c Pontificia Universidad Católica de Valparaíso | ||
| 082 | 0 | 4 | |a 274.6 CAL 2003 |2 21 |
| 100 | 0 | |a Callahan, William J |e author |9 484881 | |
| 245 | 1 | 3 | |a La iglesia católica en España (1875-2002) |
| 260 | |a Barcelona, España |b Crítica |c 2003 | ||
| 300 | |a 684 páginas | ||
| 490 | 0 | |a Serie Mayor | |
| 583 | |a last modification |c 20040430 00:00:00 |k Rodrigo Vera | ||
| 650 | 0 | |a Historia de la iglesia |z ESPAÑA |9 257565 | |
| 650 | 0 | |a Catolicismo |z ESPAÑA |9 258690 | |
| 852 | |a BIBCUR | ||
| 942 | |c BK |2 ddc | ||
| 945 | |d 20040430 00:00:00 |a cmena | ||
| 952 | |0 0 |1 0 |2 ddc |4 0 |6 274_600000000000000_CAL_2003 |7 0 |8 A |9 375977 |a BIBHIS |b BIBHIS |d 2019-11-21 |i 4010655 |o 274.6 CAL 2003 |p 4010655 |r 2025-01-20 |t 1 |w 2019-11-21 |y BK |k HIS | ||